Avances de servicio, investigación, docencia, difusión de la cultura y vinculación del centro Regional Universitario del Anáhuac 2009-2010 / compilación Juan Carlos Cuevas Cruz y Enrique Cortés Díaz (Record no. 216875)
[ view plain ]
| 000 -CABECERA | |
|---|---|
| campo de control de longitud fija | 00928nam a2200241Ia 4500 |
| 001 - NÚMERO DE CONTROL | |
| campo de control | Z_2739 |
| 008 - DATOS DE LONGITUD FIJA--INFORMACIÓN GENERAL | |
| campo de control de longitud fija | 220601s9999 xx 000 0 und d |
| 020 ## - NÚMERO INTERNACIONAL ESTÁNDAR DEL LIBRO | |
| Número Internacional Estándar del Libro | 978-607-12-0234-5 |
| 082 ## - NÚMERO DE LA CLASIFICACIÓN DECIMAL DEWEY | |
| Número de clasificación | 630.71 A93 |
| 245 ## - MENCIÓN DE TÍTULO | |
| Título | Avances de servicio, investigación, docencia, difusión de la cultura y vinculación del centro Regional Universitario del Anáhuac 2009-2010 / compilación Juan Carlos Cuevas Cruz y Enrique Cortés Díaz |
| 260 ## - PUBLICACIÓN, DISTRIBUCIÓN, ETC. | |
| Lugar de publicación, distribución, etc. | México : UACh. Centro Regional Universitario del Anáhuac |
| 300 ## - DESCRIPCIÓN FÍSICA | |
| Extensión | 192 p. |
| 503 ## - NOTA DE HISTORIA BIBLIOGRÁFICA (BK CF MU) [OBSOLETO] | |
| Nota de historia bibliográfica | ej.1: donación 2012 |
| 504 ## - NOTA DE BIBLIOGRAFÍA, ETC. | |
| Nota de bibliografía, etc. | Incluye bibliografía |
| 650 ## - PUNTO DE ACCESO ADICIONAL DE MATERIA--TÉRMINO DE MATERIA | |
| Término de materia o nombre geográfico como elemento de entrada | 1. Educación agrícola |
| 650 ## - PUNTO DE ACCESO ADICIONAL DE MATERIA--TÉRMINO DE MATERIA | |
| Término de materia o nombre geográfico como elemento de entrada | Educación y capacitación rural |
| 9 (RLIN) | 161126 |
| 700 ## - PUNTO DE ACCESO ADICIONAL--NOMBRE DE PERSONA | |
| Nombre de persona | Cuevas Cruz, Juan Carlos, comp. \ Cortés Díaz, Enrique, comp.Ì |
| 9 (RLIN) | 179776 |
| 901 ## - ELEMENTOS DE DATOS A LOCAL LDA (RLIN) | |
| a | 630.71 A93 |
| 902 ## - ELEMENTOS DE DATOS B LOCAL, LDB (RLIN) | |
| a | M |
| 905 ## - ELEMENTOS DE DATOS E LOCAL, LDE (RLIN) | |
| a | 5232272011 mx bdmn8222223322spa16 |
| 942 ## - ELEMENTOS DE PUNTO DE ACCESO ADICIONAL (KOHA) | |
| Tipo de ítem Koha | Libro_ |
No items available.
